000 00535nam a22001817a 4500
005 20251108174716.0
008 250721s2008 xx 000 0 ara d
082 1 4 _a170/هيل
100 1 _aهيلد, ميشيل
_eمؤلف
245 1 0 _aأخلاق العناية /
264 1 _aالصفاة :
_bالمجلس الوطني للثقافة و ا لفنون،
_c2008.
300 _a287 ص.
490 0 _aعالم المعرفة
_v356
650 1 7 _aالاخلاق
650 1 7 _aالفلسفه
942 _2ddc
_cBK
999 _c116010
_d116010